Galtieri /

Fotos emblemáticas del periodismo gráfico argentino de los últimos 35 años cuentan la historia de la Argentina reciente. La serie se sumerge en los archivos fotográficos y se acerca a los hechos desde imágenes que condensan simbólicamente mucho más que lo fotografiado. Se trata de una mirada que, ad...

Descripción completa

Guardado en:
Autor Principal: Avruj, Nicolás.
Autor Corporativo: Canal Encuentro.
Formato: Deslizar
Publicado: Argentina, 2013
Series:Fotos. Retrato de un país
Materias:
Etiquetas: Agregar Etiqueta
Sin Etiquetas, Sea el primero en etiquetar este registro!
LEADER 02648ngm a22004095g 4500
001 CEM.cems023912
008 130507s2013##################0###0#####d
005 20250715181818.0
245 1 0 |a Galtieri /  |c Nicolás Avruj, Fernando Zuber y Diego Lerman. 
260 |a Argentina,  |c 2013 
300 |a 28'. 
490 0 |a Fotos. Retrato de un país 
500 |a Consultar en ventanilla. 
520 |a Fotos emblemáticas del periodismo gráfico argentino de los últimos 35 años cuentan la historia de la Argentina reciente. La serie se sumerge en los archivos fotográficos y se acerca a los hechos desde imágenes que condensan simbólicamente mucho más que lo fotografiado. Se trata de una mirada que, además de detenerse en lo estético, se plantea un relato fotográfico de la historia. Así como Raúl Alfonsín condensa las esperanzas democráticas de 1983, Leopoldo Fortunato Galtieri muestra lo más oscuro y trágico de la dictadura militar. Tiene bajo su comando el II Cuerpo de Ejército, al que vuelca con fervor el terrorismo de Estado. Después de desavenencias, desplaza a Viola transformándose en el tercer presidente de la dictadura y convirtiéndose en el más rabioso impulsor de la guerra de Malvinas. Pero antes de ese rotundo fracaso que lo condenaría al escarnio público entre civiles y militares, defiende la idea de una guerra con Chile por cuestiones limítrofes. El 26 de octubre de 1980, el reportero gráfico Carlos Villoldo, uno de los primeros en fotografiar la ronda de las Madres de Plaza de Mayo, logra un retrato único del personaje durante un ejercicio militar realizado en Río Mayo, cerca de la frontera con Chile. El retrato describe, de manera inequívoca, la línea más dura de la dictadura militar: un líder mesiánico y violento, con una escasísima mirada política y estratégica. 
538 |a Soporte: DVD - Formato: AVI - Resolución: 720 x 540 - Grabación DRD 
100 1 |a Avruj, Nicolás. 
710 2 |a Canal Encuentro. 
082 9 8 |/ AVR-1 
653 |a HISTORIA 
653 |a HISTORIA ARGENTINA 
653 |a FOTOS 
653 |a FOTOGRAFIA 
653 |a FOTOGRAFIA ARGENTINA 
653 |a PROCESO DE REORGANIZACION NACIONAL 
653 |a DICTADURA 
653 |a DICTADURA MILITAR 
653 |a GALTIERI 
653 |a MADRES DE PLAZA DE MAYO 
653 |a DERECHOS HUMANOS 
653 |a DESAPARECIDOS 
653 |a GOLPE DEL 76 
653 |a JUNTA MILITAR 
653 |a MALVINAS 
653 |a GUERRA DE MALVINAS 
653 |a GUERRA DEL ATLANTICO SUR 
653 |a SERIE DE TELEVISIÓN 
859 |a CEMS  |b BIB. CEMS - Depto. Recursos Didacticos  |h 982  |i AVR-1  |k DRD  |p 2555.15  |t Ej.1